000 01787nam a2200373 a 4500
001 ebr10671141
003 CaPaEBR
006 m u
007 cr cn|||||||||
008 100809s2012 nyuad sb 001 0 eng d
010 _z 2010031180
020 _z9781617286773 (hardcover)
020 _z9781617614019 (e-book)
040 _aCaPaEBR
_cCaPaEBR
035 _a(OCoLC)847626102
050 1 4 _aTA347.D45
_bD33 2012eb
082 0 4 _a620.001/515353
_222
100 1 _aD'Acunto, Bernardino.
245 1 0 _aComputational partial differential equations for engineering sciences
_h[electronic resource] /
_cBerardino D'Acunto.
260 _aNew York :
_bNova Science Publishers,
_cc2012.
300 _axvi, 569 p. :
_bill. (some col.).
490 1 _aEngineering tools, techniques, and tables
490 1 _aMathematics research developments
504 _aIncludes bibliographical references (p. [561]-566) and index.
505 0 _aHeat conduction and diffusion -- Finite-difference method -- Parabolic equations -- Finite element method -- Wave motions -- Elliptic equations -- Beam equation -- Diffusion in two and three space dimensions -- Elements of linear algebra -- Classification of PDEs.
533 _aElectronic reproduction.
_bPalo Alto, Calif. :
_cebrary,
_d2013.
_nAvailable via World Wide Web.
_nAccess may be limited to ebrary affiliated libraries.
650 0 _aDifferential equations, Partial.
650 0 _aEngineering mathematics.
655 7 _aElectronic books.
_2local
710 2 _aebrary, Inc.
830 0 _aEngineering tools, techniques and tables.
830 0 _aMathematics research developments series.
856 4 0 _uhttp://site.ebrary.com/lib/rucke/Doc?id=10671141
_zAn electronic book accessible through the World Wide Web; click to view
999 _c162243
_d162243